ARRUPE JESUIT UNIVERSITY

CORONAVIRUS -STOP THE SPREAD - CLEAN,DISINFECT,COVER

All of Egypt: (Record no. 3161)

MARC details
000 -LEADER
fixed length control field 00579nam a2200241Ia 4500
003 - CONTROL NUMBER IDENTIFIER
control field 0100
008 - FIXED-LENGTH DATA ELEMENTS--GENERAL INFORMATION
fixed length control field 130227s9999 xx 000 0 und d
020 ## - INTERNATIONAL STANDARD BOOK NUMBER
International Standard Book Number 8880290355
040 ## - CATALOGING SOURCE
Transcribing agency ARRUPELIB
050 ## - LIBRARY OF CONGRESS CALL NUMBER
Classification number DT63.C436
100 ## - MAIN ENTRY--PERSONAL NAME
Personal name Chalaby, Abbas
9 (RLIN) 39058
245 ## - TITLE STATEMENT
Title All of Egypt:
Remainder of title from Cairo to Abu Simbel and Sinai: English edition /
250 ## - EDITION STATEMENT
Edition statement 2nd edition
260 ## - PUBLICATION, DISTRIBUTION, ETC. (IMPRINT)
Place of publication, distribution, etc Florence
Name of publisher, distributor, etc Bonechi
Date of publication, distribution, etc 1993
300 ## - PHYSICAL DESCRIPTION
Extent 126p
300 ## - PHYSICAL DESCRIPTION
Other physical details 26cm
650 ## - SUBJECT ADDED ENTRY--TOPICAL TERM
Topical term or geographic name as entry element Egypt
General subdivision Antiquities
9 (RLIN) 24091
700 ## - ADDED ENTRY--PERSONAL NAME
Personal name Magi, Giovanni (ed)
9 (RLIN) 39059
942 ## - ADDED ENTRY ELEMENTS (KOHA)
Source of classification or shelving scheme Library of Congress Classification
Item type Monograph ( Printed materials)
Holdings
Withdrawn status Lost status Source of classification or shelving scheme Damaged status Not for loan Collection code Home library Current library Shelving location Date acquired Total Checkouts Full call number Barcode Date last seen Date last borrowed Copy number Price effective from Koha item type
    Library of Congress Classification     Main Collection ARRUPE LIBRARY ARRUPE LIBRARY   27/02/2013 3 DT63.C436 46404126 07/12/2017 16/09/2016 1 27/02/2013 Monograph ( Printed materials)

 

Arrupe Library. PO Box MP320 Mt Pleasant, Harare, Zimbabwe
263 242 745411|librarian@aju.ac.zw